Lo que hay antes de que haya algo : uno de terror /
Guardado en:
| Autor Principal: | |
|---|---|
| Formato: | Libro |
| Idioma: | Spanish |
| Publicado: |
Buenos Aires :
Pequeño Editor,
2013.
|
| Materias: | |
| Etiquetas: |
Agregar Etiqueta
Sin Etiquetas, Sea el primero en etiquetar este registro!
|
| LEADER | 01002nam a22002415a 4500 | ||
|---|---|---|---|
| 001 | CEM.cems015075 | ||
| 008 | 130507s2013####ag############000#0#spa#d | ||
| 005 | 20231213172721.0 | ||
| 245 | 1 | 0 | |a Lo que hay antes de que haya algo : |b uno de terror / |c Liniers. |
| 260 | |a Buenos Aires : |b Pequeño Editor, |c 2013. | ||
| 020 | |a 9789871374557 | ||
| 100 | 1 | |a Liniers |q Siri, Ricardo. | |
| 082 | 0 | 4 | |a A868.4 |
| 653 | |a Literatura | ||
| 653 | |a Literatura argentina | ||
| 653 | |a Literatura infantil | ||
| 653 | |a Cuentos infantiles | ||
| 859 | |a CEMS |b BIB. CEMS - Inicial y Primaria |h A868.4 |i L648 |k IP |p 3891 |t Ej.1 | ||
| 859 | |a CEMS |b BIB. CEMS - Ccias. Educacion |h A868.4 |i L648 |k CE |p 28032.19 |t Ej.1 | ||
| 859 | |a CEMS |b BIB. CEMS - Inicial y Primaria |h A868.4 |i L648 |k IP |p 4013 |t Ej.2 | ||
| 859 | |a CEMS |b BIB. CEMS - Ccias. Educacion |h A868.4 |i L648 |k CE |p 28702.19 |t Ej.2 | ||
| 859 | |a CEMS |b BIB. CEMS - Inicial y Primaria |h A868.4 |i L648 |k IP |p 4343 |t Ej.3 | ||
| 859 | |a CEMS |b BIB. CEMS - Ccias. Educacion |h A868.4 |i L648 |k CE |p 28701.19 |t Ej.3 | ||
